Buchhaltungs-und Bilanzierungsprobleme : Handbuch für Studierende und Praktiker /

Saved in:
Bibliographic Details
Main Author: Seicht, Gerhard (Author)
Format: Book
Language:German
Published: Wien : Industrieverlag Peter Linde, 1991
Edition:8.aktual.Auflage
Subjects:
Tags: Add Tag
No Tags, Be the first to tag this record!

MARC

LEADER 00000nam a22000003a 4500
001 stu38439
005 20150617225725.3
008 921029s1991----au------------------ger-d
020 |a 3-85122-281-4 
040 |a STU  |b slo 
041 0 |a ger 
044 |a au 
080 |a 657.3 
080 |a 336.121.7/.8 
100 1 |a Seicht, Gerhard  |4 aut 
245 1 |a Buchhaltungs-und Bilanzierungsprobleme :  |b Handbuch für Studierende und Praktiker /  |c [aut.]Gerhard Seicht 
250 |a 8.aktual.Auflage 
260 |a Wien :  |b Industrieverlag Peter Linde,  |c 1991 
300 |a 629 s 
650 7 |a účtovníctvo  |2 stusub 
650 7 |a Bilancie  |2 stusub 
996 |b 284M023086  |c M*8136-1  |l MMKN  |s A  |a 24  |w stu38439_0001